Who Starred in that Movie #2 - Statistics

General Stats
  • This quiz has been taken 64,142 times
    22,532 since last reset
  • The average score is 11 of 20
Answer Stats
Movies Star % Correct
Rocky, First Blood, Demolition Man Sylvester Stallone
93%
Good Will Hunting, The Bourne Identity, The Martian Matt Damon
87%
V for Vendetta, Black Swan, Star Wars: Episode I Natalie Portman
80%
Meet the Parents, Night at the Museum, Zoolander Ben Stiller
77%
Thor, Rush, Snow White and the Huntsman Chris Hemsworth
70%
Driving Miss Daisy, The Shawshank Redemption, The Dark Knight Morgan Freeman
69%
The Devil Wears Prada, The Princess Diaries, Les Misérables Anne Hathaway
68%
Gran Torino, Unforgiven, Million Dollar Baby Clint Eastwood
63%
Alien, Avatar, Ghostbusters Sigourney Weaver
62%
Marriage Story, Ferrari, Star Wars: The Force Awakens Adam Driver
56%
Basic Instinct, Casino, Total Recall Sharon Stone
45%
13 Going on 30, Daredevil, Family Switch Jennifer Garner
42%
Spider-Man, Pineapple Express, The Disaster Artist James Franco
40%
Almost Famous, How to Lose a Guy in 10 Days, Bride Wars Kate Hudson
38%
Bridesmaids, Identity Thief, Tammy Melissa McCarthy
38%
Office Space, Along Came Polly, The Break-Up Jennifer Aniston
37%
Fantastic Four, Sin City, Good Luck Chuck Jessica Alba
36%
Rush Hour, Friday, Jackie Brown Chris Tucker
35%
Bird on a Wire, Death Becomes Her, The First Wives Club Goldie Hawn
30%
Scream, Wild Things, The Craft Neve Campbell
30%
No matching quizzes found
Score Distribution
Percent of People with Each Score
Percentile by Number Answered
Your Score History
You have not taken this quiz since the last reset